00420nam a2200181Ia 4500008004000000020001800040041000800058082001500066100001900081245004200100260002800142300001000170650002000180650001200200650001000212650001000222650000600232210210b2008 xxu||||| |||| 00| 0 eng d a9781846841767 aeng a144.6 WESM aWEST (Henry R) aMill: utilitarianism; a readers guide aLondonbContinuumc2008 av,141 autilitarianism: areaders aMills aguide aa